00731nam a2200193 a 45000010005000000030005000050050017000100080041000270200015000680400020000832450150001032600091002533000019003444900031003635000042003946500034004367000019004707100048004894234CDMR20131212131155.0130130s1992||||||||||||||||||||||||||||d a8439321244 aCDMRbcatcCDMR00aComunicación, cultura y sociedadb: aportaciones desde Cataluña a la investigación contemporánea de los medioscErnest Abadal... [et al.] aBarcelonac1992bGeneralitat de Catalunya. Centre d'Investigació de la Comunicació a142 p ;c30 cm0 aMonografies i Documentsv4 aResums dels llibres editats pel CEDIC04aComunicacióxInvestigació1 aAbadal, Ernest2 aCentre d'Investigació de la Comunicació